Manažérske aspekty riadenia výrobného podniku bakalárska práca

Enregistré dans:
Détails bibliographiques
Auteur principal: Grecmacherová, Ornela
Collectivité auteur: Podnikovohospodárska fakulta EU so sídlom v Košiciach. Katedra ekonómie a manažmentu
Autres auteurs: Kuhnová, Lenka, 1989-
Format: Livre
Langue:slovaque
Publié: Košice 2024
Tags: Ajouter un tag
Pas de tags, Soyez le premier à ajouter un tag!

MARC

LEADER 00000nbm a2200000 4500
001 0301493
005 20250910132850.2
041 0 |a slo 
044 |a SK 
245 1 0 |a Manažérske aspekty riadenia výrobného podniku  |b bakalárska práca  |c Ornela Grecmacherová ; školiteľ: Lenka Kuhnová 
264 1 |a Košice  |c 2024 
300 |a 54 s. 
100 1 |a Grecmacherová, Ornela 
700 1 |a Kuhnová, Lenka, 1989- 
710 2 |a Podnikovohospodárska fakulta EU so sídlom v Košiciach. Katedra ekonómie a manažmentu